| 000 | 00618nam a2200205Ia 4500 | ||
|---|---|---|---|
| 003 | GCL | ||
| 008 | 140319s9999 xx 000 0 ara d | ||
| 040 |
_aGCL / _cGCL |
||
| 082 | 0 | 4 |
_a811.9 _bح م |
| 100 | 1 | _aحافظ ابراهيم | |
| 245 | 1 | 0 |
_aالمؤلفات الكاملة : _bالديوان / _cحافظ ابراهيم |
| 260 |
_aبيروت : _bمكتبة لبنان ، _c1991 |
||
| 300 |
_a226 ص ؛ _c25 سم |
||
| 490 | _a | ||
| 650 | 0 | 4 | _aالشعر العربى |
| 650 | 0 | 4 | _aالادب العربى |
| 650 | 0 | 4 | _aدواوين وقصائد |
| 650 | 0 | 4 | _aحافظ ابراهيم |
| 942 |
_2ddc _cBK |
||
| 999 |
_c32493 _d32493 |
||